00614nam a2200181Ia 4500952013300000999001700133003000400150005001700154008004100171020001500212040000900227082001800236100002700254245005300281260004700334300000900381942004200390 00102ddc40708HISTORYaMESbMEScHISd2019-02-20g597.50l0o951.05 DIE/Pp17946r2019-02-20 00:00:00w2019-02-20yBKzGL38R4 c20146d20146OSt20200707144620.0190216s9999||||xx |||||||||||||| ||und|| a0195036891 coclc a951.05bDIE/P aDietrich, Craig 93628 0aPeople`s China A Brief History /cCraig Dietrich bOxford University Press,c1986.aNew York: a327p cBK2ddch951.05iDIE/Pk951.05mDIE/P